000 01150 a2200241 4500
005 2008090406246.0
008 080904t xxu||||| |||| 00| 0 hin d
010 _aHIN-79904
020 _a818891603x
_c150.00
035 _aHN-52250
037 _bD.B.Act / pub
082 _a
100 _aमिश्र, रामदरश
245 _aफिर कब आयेंगे?
_cरामदरश मिश्र
246 _aPhir kab ayenge
_bby Ramdarash Mishra
260 _aदिल्ली
_bहिमाचल बुक सैंटर
_c2006
270 _a19 रामनगर एक्सटेंशन-2, पुरानी अनारकली का गुरूद्वारा
_bदिल्ली
_e110051
300 _a135पृ
_c22 सेमी (सजिल्द)
650 _aहिन्दी कहानियाँ
650 _aHindi Stories
942 _adpl
_cHN
_kक / मिश्ररा
_2ddc
_h
_mमिश्ररा
999 _c4127
_d4127